00530cam a22001574a 4500020003200000082001200032100002600044245008600070260005000156300005000206650001100256650001200267650002700279700002200306856004400328 a1402073658 (acidfree paper)00a548/.831 aPecharsky, Vitalij K.10aFundamentals of powder diffraction and structural characterization of materials / aBoston :bKluwer Academic Publishers,cc2003. axxiii, 713 p. :bill. ;e1 CD-ROM (4 3/4 in.) 0aX-rays 0aPowders 0aX-ray crystallography.1 aZavalij, Peter Y. uhttps://drive.google.com/drive/my-drive